1693 1136 1642 1770 1834 1681 1582 1670 1361 1603 1569 1722 1313 1462 1166 1617 1830 1397 1691 1674 1129 1338 1147 1955 1021 1057 1223 1328 1469 1480 1011 1494 1851 1312 1058 1064 1340 1899 1412 1997 1412 1023 1833 1173 1141 1938 1750 1994 1323 1141 1292 1569 1608 1120 1322 1453 1170 1370 1829 1305 1195 1123 1674 1545 1423 1378 1892 1348 1415 1520 1584 1472 1450 1759 1384 1249 1307 1525 1489 1978 1757 1628 1303 1147 1444 1456 1641 1783 1769 1369 1606 1734 1991 1893 1329 1393 1226 1734 1997 BCNSPRNW ULIB Ver.6.0+V

เปลี่ยนเป็นภาษาไทย

Change to English
 แสดงรายละเอียดบรรณานุกรม
  กลับหน้าหลัก

Brief Record : Get Marc (ISO 2709) : E-mail record : QR code < ปิดหน้าต่าง
LEADER : 00000nam 2200000uu 4500
001    13399113597
003     ULIB
008    020711s2551 th a 000 0 tha d
020    9789744465702
090    นว.^bท121ร 2551
100    ทมยันตี
245    ร่มฉัตร/^cทมยันตี
250    พิมพ์ครั้งที่ 9
260    กรุงเทพฯ :^bณ บ้านวรรณกรรม,^c2551
300    606 หน้า
710 1  ณ บ้านวรรณกรรม
945    ^p360^l0^i15295
995    ทศพร
999 ^a ทศพร
รายการนี้ยังไม่มีแท็ก
คุณยังไม่ได้ล็อกอิน คุณสามารถมีกิจกรรมร่วมกับเว็บไซต์ได้ แต่ต้องล็อกอินก่อน ::
  ล็อกอิน

รายการสื่อสารสนเทศ

ลำดับที่ ประเภท เลขเรียก/บาร์โค้ด สถานที่ สถานะ
1. นวนิยาย
นวนิยาย
นว. ท121ร 2551 ฉ.1 
  Barcode: 15295
ห้องสมุดวิทยาเขตสวรรค์ประชารักษ์
►นวนิยาย
บนชั้น
  ขอยืม

รายการใกล้เคียง
    ผู้แต่ง [ทมยันตี]

BibComment


ยังไม่เคยถูกคอมเมนท์

คอมเมนท์ทรัพยากรรายการนี้
  คอมเมนท์: ร่มฉัตร ทมยันตี


 Copyright 2026. Bcnsprnw @Library